00393cam a22001452 4500001001100000005001700011008004100028020002600069040001500095100002300110245002900133260003300162300001100195440004100206000000747020151217160114.0080206s xx 000 0 eng d a1405206241 :cKES 650 aKABUcKABU1 aHerge.@000015866314aThe Seven crystal balls. aLondon :bEgmont, UK,c2002. a62 p. 4aThe Adventures of tintin@0000158664